000 00541nam a2200181Ia 4500
008 140527s9999 xx 000 0 und d
020 _a9789814253468
050 _aQA 76.575
_b.Sh92 2011
100 _aShuman, Jim.
245 _aMultimedia concepts /
_cJim Shuman
250 _aEnhanced ed.
260 _aPasig City, Philippines :
_bCengage Learning Asia Pte Ltd. (Philippine Branch),
_cc2011.
300 _a230 p. :
_bill. ;
_c26 cm.
500 _aIncludes glossary and index.
521 _aGE
942 _kFOR
_cBK
999 _c117488
_d117488